| 000 | 00362cam a2200145ua 4500 | ||
|---|---|---|---|
| 041 |
_aeng _h |
||
| 082 |
_a690.16 _bDAV/Fl |
||
| 100 | _aDavidson, D M J . | ||
| 245 |
_aFloors and Floorings / _cD M J Davidson. _hTextual Documents |
||
| 260 |
_a : _bCrosby Lock wood & Son Ltd , _c1958. |
||
| 300 | _a116 ; . | ||
| 504 | _a | ||
| 942 | _cBK | ||
| 999 |
_c3235 _d3235 |
||